Music Quiz

Random Music or Lyrics Quiz

Guess the Michael Jackson Song Quiz Stats

 Plays Quiz not verified by Sporcle

Challenge
Share
Tweet
Embed
Score 0/190 Timer 09:00
0 Plays Today
Lyrics % Correct
the
89.8%
the
89.8%
the
89.8%
the
89.8%
the
89.8%
the
89.8%
and
89.8%
a
89.8%
the
89.8%
89.8%
you
85.1%
you
85.1%
you
85.1%
you
85.1%
you
85.1%
you
85.1%
you
85.1%
you
85.1%
me
74.9%
me
74.9%
me
74.9%
me
74.9%
me
74.9%
me
74.9%
me
74.9%
me
74.9%
be
74.4%
be
74.4%
be
74.4%
be
74.4%
to
68.1%
to
68.1%
to
68.1%
to
68.1%
in
62.8%
in
62.8%
in
62.8%
do
62.4%
do
62.4%
She
61.1%
she
61.1%
she
61.1%
She
61.1%
she
61.1%
She
61.1%
your
58.2%
your
58.2%
your
58.2%
nah
57%
nah
57%
no
56.4%
no
56.4%
no
56.4%
so
55.4%
so
55.4%
so
55.4%
man
53%
of
52.5%
go
52.1%
what
50.8%
what
50.8%
what
50.8%
can
50%
want
49.9%
Lyrics % Correct
want
49.9%
want
49.9%
that
49.7%
that
49.7%
that
49.7%
I
47.5%
I
47.5%
I
47.5%
I
47.5%
I
47.5%
for
46.5%
her
46.3%
make
45.2%
make
45.2%
when
45.2%
they
44.7%
see
42.2%
this
42.2%
baby
41%
baby
41%
take
40.7%
don't
40.7%
too
40.3%
too
40.3%
at
40.2%
have
39.5%
have
39.5%
every
39.3%
Every
39.3%
who
39.3%
who
39.3%
say
39.1%
time
38.8%
if
38.3%
off
38.2%
never
38%
was
37.8%
am
37.5%
Dirty
36.6%
Dirty
36.6%
Dirty
36.6%
Dirty
36.6%
Dirty
36.6%
Dirty
36.6%
Diana
36.5%
Diana
36.5%
Diana
36.5%
Diana
36.5%
Diana
36.5%
Diana
36.5%
but
35.3%
let
34.8%
won't
33.9%
need
32.9%
I'll
32.7%
I'll
32.7%
I'll
32.7%
You'll
32.1%
stay
31%
been
30.8%
thing
30.3%
thing
30.3%
here
30.2%
I've
29.8%
Lyrics % Correct
weight
29.7%
that's
29.6%
that's
29.6%
that's
29.6%
come
29.6%
life
29.5%
She's
29%
she's
29%
She's
29%
said
28.3%
hey
27%
eyes
27%
hey
27%
care
26.8%
back
26.4%
back
26.4%
night
26.1%
heart
25.8%
please
25.4%
star
24.8%
before
24.6%
okay
24.6%
okay
24.6%
down
24.5%
seduce
24%
seduce
24%
blind
23.8%
times
22%
knows
21.8%
saying
21.5%
saying
21.5%
stuff
21.2%
those
21.1%
looked
20.8%
loving
20.8%
deep
20.6%
there's
20.5%
boys
20.5%
band
20.1%
likes
19.7%
town
19.4%
after
19.2%
freak
18.4%
comes
18.4%
curtain
18.3%
fan
17.8%
musician's
17.3%
stage
17.3%
turning
16.9%
far
16.9%
waits
16.8%
doors
16.4%
prestige
16.3%
start
16.1%
fame
16.1%
everything
16.1%
fortune
15.8%
carefree
15.2%
taunt
14.6%
promise
14.4%
touching
14.3%
locked
5%

You're not logged in!

Compare scores with friends on all Sporcle quizzes.
Join for Free
OR
Log In

You Might Also Like...

Show Comments

Extras

Top Quizzes Today


Score Distribution

Your Account Isn't Verified!

In order to create a playlist on Sporcle, you need to verify the email address you used during registration. Go to your Sporcle Settings to finish the process.

Report this User

Report this user for behavior that violates our Community Guidelines.

Details: